Comprehensive CCE question bank in Science-X (Record no. 2686)

MARC details
000 -LEADER
fixed length control field 00243nam a22000857a 4500
008 - FIXED-LENGTH DATA ELEMENTS--GENERAL INFORMATION
fixed length control field 160805b xxu||||| |||| 00| 0 eng d
100 ## - MAIN ENTRY--PERSONAL NAME
9 (RLIN) 35
Personal name Sharma N.K
245 ## - TITLE STATEMENT
Title Comprehensive CCE question bank in Science-X
260 ## - PUBLICATION, DISTRIBUTION, ETC. (IMPRINT)
Place of publication, distribution, etc. Bangalore
Name of publisher, distributor, etc. Laxmi Publication
Holdings
Withdrawn status Lost status Source of classification or shelving scheme Damaged status Koha normalized classification for sorting Not for loan Home library Current library Shelving location Date acquired Total Checkouts Full call number Barcode Date last seen Date last checked out Price effective from Koha item type
    Dewey Decimal Classification   500_000000000000000   Good Samaritan School Library Good Samaritan School Library Science 08/05/2016 3 500 SHA11616 05/04/2023 05/04/2023 08/05/2016 BOOK

Powered by Koha